Estadísticas de desembarco y esfuerzo de las pesquerías artesanales e industriales de Colombia en los sitios y puertos pesqueros monitoreados por el SEPEC durante el período julio a diciembre 2016. (Registro nro. 20024)

Detalles MARC
000 -CABECERA
Campo de control 00977nam a22002177a 4500
005 - FECHA Y HORA DE LA ULTIMA TRANSACCION
Campo de control 20171213101851.0
008 - ELEMENTOS DE LONGITUD FIJA—INFORMACION GENERAL
Campo de control 171212b2017 c abdofr|||| 00| 0 spa d
040 ## - FUENTE DE CATALOGACIÓN
Agencia catalogadora original CO-BoIAVH
Agencia transcriptora CO-BoIAVH
041 0# - IDIOMA
Código de idioma para texto/pista de sonido o título separado Español
044 ## - PAÍS DE PUBLICACIÓN
País de publicación Colombia
082 04 - NUMERO DE CLASIFICACION DECIMAL DEWEY
Número de clasificación 333.95617
Número del ítem S47e
100 1# - ASIENTO PRINCIPAL--NOMBRE PERSONAL
Nombre personal De la Hoz Mestre, Javier
Término relacionado autor
9 (RLIN) 87860
245 10 - MENCION DE TITULO
Título Estadísticas de desembarco y esfuerzo de las pesquerías artesanales e industriales de Colombia en los sitios y puertos pesqueros monitoreados por el SEPEC durante el período julio a diciembre 2016.
260 ## - PUBLICACION, DISTRIBUCION, ETC. (PIE DE IMPRENTA)
Lugar de publicación, distribución, etc. Santa Marta :
Nombre del editor, distribuidor, etc. Servicio Estadístico Pesquero Colombiano SEPEC,
Fecha de publicación, distribución, etc. 2016.
300 ## - DESCRIPCION FISICA
Extensión 60 páginas :
Otros detalles físicos ilustraciones, mapas, gráficas y fotografías a color.
Dimensiones 28 x 21 cm.
504 ## - NOTA DE BIBLIOGRAFIA, ETC.
Nota de bibliografía Incluye referencias bibliográficas (pag. 53) y anexos
650 26 - ASIENTO SECUNDARIO DE MATERIA - TERMINO TEMATICO
Término temático o nombre geográfico como elemento de entrada Fondos de pesca
Subdivisión de forma Planes de manejo
9 (RLIN) 87861
650 26 - ASIENTO SECUNDARIO DE MATERIA - TERMINO TEMATICO
Término temático o nombre geográfico como elemento de entrada Pesquerías artesanales
Subdivisión geográfica Colombia
9 (RLIN) 87862
700 1# - ASIENTO SECUNDARIO - NOMBRE PERSONAL
Nombre personal Manjarrés Martínez, Luis
Término de relación autor
9 (RLIN) 48292
942 ## - ELEMENTOS ADICIONALES (KOHA)
Sistema de clasificación Dewey Decimal Classification
Tipo de ítem Libro
Existencias
Withdrawn status Lost status Sistema de Clasificación Damaged status No para préstamo Colección Ubicación Permanente Ubicación actual Fecha de adquisición Total Checkouts Número topográfico Inventario / Código de Barras Date last seen Ejemplar Price effective from Forma de adquisición Tipo de material
    Dewey Decimal Classification     General Bogotá Bogotá 12/12/2017   LB-333.95617 S47e 043419 12/12/2017 Ej. 1 12/12/2017 Donación Libro